[Event "Kottayam op"]
[Site "Kottayam"]
[Date "2025.05.02"]
[Round "4"]
[White "Modipalli, Deekshitha"]
[Black "Balkishan, A."]
[Result "0-1"]
[WhiteElo "1924"]
[BlackElo "2134"]
[PlyCount "118"]
[EventDate "2025.04.30"]
[EventType "swiss"]
[EventRounds "10"]
[EventCountry "IND"]
[SourceTitle "CB19_2025"]
[SourceDate "2025.05.07"]
[SourceVersion "1"]
[SourceVersionDate "2025.05.07"]
[SourceQuality "1"]

1. d4 Nf6 2. c4 e6 3. Nc3 Bb4 4. Qc2 b6 5. e4 Bxc3+ 6. bxc3 Bb7 7. Bd3 d6 8. Ne2 e5 9. c5 dxc5 10. d5 Qe7 11. Ng3 g6 12. 0-0 Nfd7 13. c4 h5 14. f3 h4 15. Nh1 g5 16. Nf2 Nf8 17. Ng4 Ng6 18. Re1 Nd7 19. Ne3 f6 20. Nf5 Qh7 21. Bf1 Ne7 22. Ne3 Nc8 23. Bb2 Nd6 24. Rad1 Nf8 25. Ng4 Qe7 26. Kf2 Bc8 27. Ne3 Ng6 28. g3 hxg3+ 29. hxg3 Bd7 30. Bg2 0-0-0 31. Rd2 Rh2 32. Ke2 Rdh8 33. Kd1 Qe8 34. Kc1 Kb8 35. Nf1 R2h7 36. Ne3 Qc8 37. Rd3 Rf8 38. Qf2 Rh2 39. Nf1 Rh7 40. Ne3 g4 41. Qe2 gxf3 42. Bxf3 Nh8 43. Rd2 Nhf7 44. Rc2 Ng5 45. Nf1 f5 46. exf5 Bxf5 47. Rc3 e4 48. Bh5 Bd7 49. Nd2 Rfh8 50. Re3 Rxh5 51. Bxh8 Qxh8 52. Rf1 Rh2 53. Rf2 Qa1+ 54. Nb1 Rh1+ 55. Rf1 Rxf1+ 56. Qxf1 Qxa2 57. Rc3 Nf3 58. Rc2 Qa1 59. Qd1 Ba4 0-1

[Event "IND-ch U13 Girls 37th"]
[Site "Durgapur"]
[Date "2024.12.23"]
[Round "11"]
[White "Agrawal, Archita"]
[Black "Modipalli, Deekshitha"]
[Result "0-1"]
[WhiteElo "1788"]
[BlackElo "1841"]
[PlyCount "100"]
[EventDate "2024.12.17"]
[EventType "swiss"]
[EventRounds "11"]
[EventCountry "IND"]
[SourceTitle "CB04_2025"]
[SourceDate "2025.01.22"]
[SourceVersion "1"]
[SourceVersionDate "2025.01.22"]
[SourceQuality "1"]

1. d4 Nf6 2. c4 e6 3. Nc3 Bb4 4. Qc2 0-0 5. Nf3 b6 6. Bg5 Bb7 7. e3 d6 8. Be2 Nbd7 9. 0-0 Bxc3 10. bxc3 h6 11. Bh4 g5 12. Bg3 Ne4 13. Nd2 f5 14. f3 Nxd2 15. Qxd2 Qe7 16. Qc2 Rae8 17. Rab1 a5 18. c5 Bc6 19. cxd6 cxd6 20. Bd3 Rc8 21. Qb3 Kh8 22. Rfe1 e5 23. Bc4 Qf6 24. Be6 a4 25. dxe5 dxe5 26. Qc4 b5 27. Qb4 Qxe6 28. Red1 Qg6 29. Rb2 f4 30. Bf2 g4 31. Rd6 Rf6 32. Rxf6 Nxf6 33. exf4 gxf3 34. g3 Nd5 35. Qc5 Qd3 36. h3 Qd1+ 37. Kh2 Qf1 38. Bd4 exd4 39. Qxd4+ Kh7 40. Qe4+ Kg7 41. Qe5+ Nf6 42. Qe7+ Kg6 43. g4 Be4 44. f5+ Bxf5 45. gxf5+ Kxf5 46. Qb7 Rc5 47. Kg3 Qg1+ 48. Kxf3 Rxc3+ 49. Ke2 Re3+ 50. Kd2 Qe1+ 0-1

[Event "IND-ch U15 Girls 40th"]
[Site "Hosur"]
[Date "2024.11.10"]
[Round "10"]
[White "Modipalli, Deekshitha"]
[Black "Patil, Disha"]
[Result "1/2-1/2"]
[WhiteElo "1787"]
[BlackElo "1801"]
[PlyCount "65"]
[EventDate "2024.11.03"]
[EventType "swiss"]
[EventRounds "11"]
[EventCountry "IND"]
[SourceTitle "CB45_2024"]
[Source "ChessBase"]
[SourceDate "2024.11.06"]
[SourceVersion "1"]
[SourceVersionDate "2024.11.06"]
[SourceQuality "1"]

1. d4 d5 2. c4 c6 3. Nc3 Nf6 4. Nf3 e6 5. e3 Nbd7 6. Qc2 Bd6 7. Bd3 0-0 8. 0-0 dxc4 9. Bxc4 Qe7 10. e4 e5 11. Rd1 exd4 12. Nxd4 Ne5 13. Be2 Ng6 14. g3 Bc5 15. f3 Bh3 16. Be3 b5 17. Kh1 Rac8 18. Rg1 Bd7 19. Rad1 Bb6 20. Rge1 Nd5 21. exd5 Qxe3 22. Bxb5 Qxe1+ 23. Rxe1 cxb5 24. Qd2 a6 25. Nc2 a5 26. Nd4 b4 27. Nd1 Rc4 28. Nc2 Rcc8 29. b3 Rfd8 30. Nb2 Be6 31. d6 Bc5 32. Na4 Rxd6 33. Qe2 1/2-1/2

[Event "Wch U20 Girls 40th"]
[Site "Gandhinagar"]
[Date "2024.06.10"]
[Round "8"]
[White "Anushka, Gupta"]
[Black "Modipalli, Deekshitha"]
[Result "1/2-1/2"]
[WhiteElo "1766"]
[BlackElo "1678"]
[PlyCount "74"]
[EventDate "2024.06.02"]
[EventType "swiss"]
[EventRounds "11"]
[EventCountry "IND"]
[SourceTitle "CBM 220 Extra"]
[Source "ChessBase"]
[SourceDate "2024.07.31"]
[SourceVersion "1"]
[SourceVersionDate "2024.07.31"]
[SourceQuality "1"]

1. e4 e5 2. Bc4 Nf6 3. d3 Bc5 4. Nc3 0-0 5. Nf3 d6 6. h3 c6 7. 0-0 h6 8. Bb3 Re8 9. Ne2 Bb6 10. Ng3 Nbd7 11. c3 Nf8 12. Bc2 d5 13. exd5 cxd5 14. d4 e4 15. Nh2 Bc7 16. f4 exf3 17. Qxf3 Qd6 18. Bf4 Qxf4 19. Qxf4 Bxf4 20. Rxf4 Ne6 21. Rff1 Ng5 22. Rae1 Bd7 23. Bd3 Nge4 24. Nxe4 dxe4 25. Bc4 Rac8 26. Bb3 Bb5 27. Rf4 Rc7 28. Nf1 Bd3 29. Ne3 b5 30. Rf5 a5 31. a3 Rd8 32. Nd5 Nxd5 33. Rxd5 Rxd5 34. Bxd5 Re7 35. Kf2 Kh7 36. Ba2 f5 37. Ke3 Kg6 1/2-1/2

[Event "Wch U20 Girls 40th"]
[Site "Gandhinagar"]
[Date "2024.06.07"]
[Round "6"]
[White "Varshita, Jain"]
[Black "Modipalli, Deekshitha"]
[Result "1/2-1/2"]
[WhiteElo "1676"]
[BlackElo "1678"]
[PlyCount "64"]
[EventDate "2024.06.02"]
[EventType "swiss"]
[EventRounds "11"]
[EventCountry "IND"]
[SourceTitle "CBM 220 Extra"]
[Source "ChessBase"]
[SourceDate "2024.07.31"]
[SourceVersion "1"]
[SourceVersionDate "2024.07.31"]
[SourceQuality "1"]

1. e4 e5 2. Nf3 Nc6 3. Bb5 a6 4. Ba4 Nf6 5. 0-0 d6 6. Re1 Bd7 7. c3 g6 8. d4 Bg7 9. Nbd2 b5 10. Bb3 0-0 11. Nf1 Bg4 12. Be3 Re8 13. h3 Bxf3 14. Qxf3 Na5 15. Bc2 Nc4 16. b3 Nxe3 17. Nxe3 Nd7 18. Rad1 b4 19. Nd5 a5 20. cxb4 exd4 21. b5 Ne5 22. Qe2 c6 23. bxc6 Nxc6 24. Bd3 Nb4 25. Bc4 Nxd5 26. Bxd5 Rc8 27. Rc1 Qb6 28. Rc4 Rc5 29. Rxc5 Qxc5 30. Qc4 Qxc4 31. Bxc4 Rc8 32. Rc1 Kf8 1/2-1/2

[Event "Wch U20 Girls 40th"]
[Site "Gandhinagar"]
[Date "2024.06.02"]
[Round "1"]
[White "Modipalli, Deekshitha"]
[Black "Nagyova, Daniela"]
[Result "1-0"]
[WhiteElo "1678"]
[BlackElo "1958"]
[PlyCount "43"]
[EventDate "2024.06.02"]
[EventType "swiss"]
[EventRounds "11"]
[EventCountry "IND"]
[SourceTitle "CBM 220 Extra"]
[Source "ChessBase"]
[SourceDate "2024.07.31"]
[SourceVersion "1"]
[SourceVersionDate "2024.07.31"]
[SourceQuality "1"]

1. d4 Nf6 2. c4 e6 3. Nc3 d5 4. cxd5 exd5 5. Bg5 Be7 6. e3 c6 7. Bd3 Ne4 8. Bxe7 Qxe7 9. Nge2 Nd7 10. Bxe4 dxe4 11. Ng3 Nf6 12. Qc2 0-0 13. Ngxe4 Bf5 14. Nxf6+ Qxf6 15. Qd2 Rfe8 16. 0-0 Rad8 17. f3 Qg5 18. Rfe1 Rd6 19. Qf2 Rg6 20. e4 Bh3 21. g3 h5 22. Kh1 1-0

[Event "IND-ch U13 Girls"]
[Site "Secunderabad"]
[Date "2023.12.08"]
[Round "9"]
[White "Goddeti, Hima Tejaswini"]
[Black "Modipalli, Deekshitha"]
[Result "1/2-1/2"]
[WhiteElo "1507"]
[BlackElo "1394"]
[PlyCount "83"]
[EventDate "2023.12.04"]
[EventType "swiss"]
[EventRounds "11"]
[EventCountry "IND"]
[SourceTitle "EXT 2025"]
[Source "ChessBase"]
[SourceDate "2024.10.14"]
[SourceVersion "1"]
[SourceVersionDate "2024.10.14"]
[SourceQuality "1"]

1. e4 e5 2. Nf3 Nc6 3. Bb5 a6 4. Ba4 Nf6 5. 0-0 Be7 6. Re1 b5 7. Bb3 d6 8. c3 0-0 9. h3 Nb8 10. d4 Nbd7 11. Nbd2 Bb7 12. Bc2 Re8 13. Nf1 Bf8 14. Ng3 g6 15. b3 Bg7 16. Rb1 c5 17. d5 Qc7 18. Be3 Nb6 19. Qd2 Nfd7 20. Bh6 f6 21. h4 Kf7 22. h5 Rg8 23. Nh4 Bxh6 24. Qxh6 Nf8 25. hxg6+ hxg6 26. Bd1 Ke7 27. Bg4 Bc8 28. Bxc8 Rxc8 29. Qd2 Kd8 30. Nf3 c4 31. b4 Qh7 32. Kf1 Qd7 33. Ke2 g5 34. Nf5 Ng6 35. g3 Kc7 36. Nh2 Ne7 37. Ne3 f5 38. exf5 Nxf5 39. Nhg4 Rgf8 40. Rh1 Nxe3 41. Nxe3 Qf7 42. Rbf1 1/2-1/2

[Event "IND-ch U13 Girls"]
[Site "Secunderabad"]
[Date "2023.12.07"]
[Round "6"]
[White "Sherali, Pattnaik"]
[Black "Modipalli, Deekshitha"]
[Result "1-0"]
[WhiteElo "1575"]
[BlackElo "1394"]
[PlyCount "101"]
[EventDate "2023.12.04"]
[EventType "swiss"]
[EventRounds "11"]
[EventCountry "IND"]
[SourceTitle "EXT 2025"]
[Source "ChessBase"]
[SourceDate "2024.10.14"]
[SourceVersion "1"]
[SourceVersionDate "2024.10.14"]
[SourceQuality "1"]

1. e4 e5 2. Nf3 Nc6 3. Bb5 a6 4. Ba4 Nf6 5. 0-0 Be7 6. Re1 b5 7. Bb3 d6 8. c3 0-0 9. h3 Nb8 10. d4 Nbd7 11. Nbd2 Bb7 12. Bc2 Re8 13. Nf1 Bf8 14. Ng3 g6 15. a4 c5 16. d5 c4 17. Bg5 h6 18. Be3 Qc7 19. Qd2 Kh7 20. Ra3 Nc5 21. Rea1 Reb8 22. Qe2 Bg7 23. Nd2 Nfd7 24. Ngf1 Nb6 25. Nh2 Rc8 26. axb5 axb5 27. Rxa8 Rxa8 28. Rxa8 Bxa8 29. Qf3 Qe7 30. Qd1 Qc7 31. Qa1 Qb7 32. Qa5 Nbd7 33. Nb1 Qa6 34. Qxa6 Nxa6 35. Na3 b4 36. Nxc4 bxc3 37. bxc3 Bf8 38. Kf1 Ndc5 39. Ke2 Be7 40. Nf1 Kg7 41. Nfd2 Bb7 42. Nb3 Nxb3 43. Bxb3 f5 44. f3 f4 45. Bb6 Kf6 46. Ba4 Nc5 47. Bb5 g5 48. Bc7 h5 49. Bxd6 Bxd6 50. Nxd6 Ba8 51. Bc6 1-0

[Event "IND-ch U11 Girls"]
[Site "Visakhapatnam"]
[Date "2023.10.05"]
[Round "9"]
[White "Modipalli, Deekshitha"]
[Black "Aadya, Ranganath"]
[Result "0-1"]
[WhiteElo "1484"]
[BlackElo "1318"]
[PlyCount "88"]
[EventDate "2023.10.01"]
[EventType "swiss"]
[EventRounds "11"]
[EventCountry "IND"]
[SourceTitle "EXT 2025"]
[Source "ChessBase"]
[SourceDate "2024.10.14"]
[SourceVersion "1"]
[SourceVersionDate "2024.10.14"]
[SourceQuality "1"]

1. d4 Nf6 2. c4 g6 3. Nc3 Bg7 4. Nf3 0-0 5. Bg5 h6 6. Bh4 c5 7. d5 d6 8. e3 Qb6 9. Qc2 e6 10. Nd2 Na6 11. a3 exd5 12. cxd5 Re8 13. Nc4 Qd8 14. Be2 Nc7 15. e4 Qe7 16. f3 b5 17. Ne3 a6 18. 0-0 g5 19. Bf2 Nh5 20. Rfe1 Bd4 21. Bf1 Bd7 22. Rad1 Qf6 23. Rd2 Rac8 24. Red1 b4 25. Na2 bxa3 26. bxa3 Rb8 27. Nc4 Be5 28. a4 Qf4 29. g3 Qf6 30. Be2 Ng7 31. Be3 Kh8 32. Kh1 Rg8 33. f4 gxf4 34. gxf4 Bd4 35. Bxd4 cxd4 36. e5 Qxf4 37. Rf1 Qg5 38. Nxd6 Rbf8 39. Nxf7+ Rxf7 40. Rxf7 Nf5 41. Bg4 Qxg4 42. Rg2 Qf3 43. Qe2 Qxd5 44. Rf6 Bc6 0-1

[Event "IND-ch U11 Girls"]
[Site "Visakhapatnam"]
[Date "2023.10.02"]
[Round "4"]
[White "Divya, Gowrisankar"]
[Black "Modipalli, Deekshitha"]
[Result "0-1"]
[WhiteElo "1121"]
[BlackElo "1484"]
[PlyCount "64"]
[EventDate "2023.10.01"]
[EventType "swiss"]
[EventRounds "11"]
[EventCountry "IND"]
[SourceTitle "EXT 2025"]
[Source "ChessBase"]
[SourceDate "2024.10.14"]
[SourceVersion "1"]
[SourceVersionDate "2024.10.14"]
[SourceQuality "1"]

1. e4 e5 2. Nf3 Nc6 3. d4 exd4 4. Bc4 Nf6 5. e5 Ne4 6. Bd5 Nc5 7. 0-0 Ne6 8. c3 d3 9. Qxd3 Be7 10. Be3 0-0 11. Rd1 d6 12. Bxc6 bxc6 13. Nbd2 a5 14. Ne4 d5 15. Ng3 f6 16. Ne2 Qe8 17. Ned4 Nc5 18. Qc2 f5 19. b4 Ne4 20. a3 f4 21. Bc1 Bg4 22. Rd3 c5 23. Ne2 c6 24. Nxf4 axb4 25. cxb4 c4 26. Rd4 Bxf3 27. gxf3 Ng5 28. Kg2 Bd8 29. Qc3 Bb6 30. Rd1 Qd7 31. Nxd5 Qh3+ 32. Kh1 Nxf3 0-1

[Event "Asia-ch Blitz U20 Girls"]
[Site "Jamshedpur"]
[Date "2023.09.15"]
[Round "3"]
[White "Bhagyashree, Patil"]
[Black "Modipalli, Deekshitha"]
[Result "1-0"]
[WhiteElo "1905"]
[BlackElo "1094"]
[PlyCount "69"]
[EventDate "2023.09.15"]
[EventType "swiss (blitz)"]
[EventRounds "9"]
[EventCountry "IND"]
[SourceTitle "CBM 216 Extra"]
[Source "ChessBase"]
[SourceDate "2023.11.30"]
[SourceVersion "1"]
[SourceVersionDate "2023.11.30"]
[SourceQuality "1"]

1. d4 Nf6 2. Nf3 e6 3. e3 d5 4. c4 Bb4+ 5. Bd2 Qe7 6. Bd3 0-0 7. 0-0 Bxd2 8. Nbxd2 dxc4 9. Nxc4 Nbd7 10. Qc2 c5 11. Rfd1 b5 12. Nce5 c4 13. Be2 Bb7 14. b3 Be4 15. Qb2 c3 16. Qxc3 Rac8 17. Qe1 b4 18. Rac1 Nxe5 19. Nxe5 Nd5 20. Ba6 Rc3 21. Bc4 Rc8 22. Rxc3 Nxc3 23. Rd2 Bb1 24. Rb2 Bxa2 25. Qa1 Bb1 26. Rxb1 Nxb1 27. Qxb1 f6 28. Nd3 a5 29. Nf4 Rc6 30. d5 Rd6 31. Nxe6 Qa7 32. Nd4 Qb6 33. h3 Kf8 34. Qa2 Ke7 35. Nf5+ 1-0

[Event "Asia-ch Blitz U20 Girls"]
[Site "Jamshedpur"]
[Date "2023.09.15"]
[Round "2"]
[White "Modipalli, Deekshitha"]
[Black "Kaldarova, Ayaulym"]
[Result "1-0"]
[WhiteElo "1094"]
[BlackElo "1785"]
[PlyCount "81"]
[EventDate "2023.09.15"]
[EventType "swiss (blitz)"]
[EventRounds "9"]
[EventCountry "IND"]
[SourceTitle "CBM 216 Extra"]
[Source "ChessBase"]
[SourceDate "2023.11.30"]
[SourceVersion "1"]
[SourceVersionDate "2023.11.30"]
[SourceQuality "1"]

1. d4 e6 2. c4 b6 3. Nc3 Bb7 4. Nf3 Bb4 5. Qc2 Nf6 6. Bg5 h6 7. Bh4 0-0 8. e3 d6 9. Bd3 Nbd7 10. 0-0 e5 11. dxe5 dxe5 12. Be2 Re8 13. Rad1 Qc8 14. Nd5 Bxd5 15. cxd5 a6 16. e4 Bd6 17. Rfe1 b5 18. Nd2 g5 19. Bg3 Qd8 20. Nb3 Qe7 21. Na5 Qf8 22. Nc6 Qg7 23. b4 h5 24. h4 Kh7 25. Kh2 g4 26. a4 bxa4 27. Qxa4 Nb6 28. Qc2 Nfd7 29. Ra1 Nb8 30. b5 Nxc6 31. bxc6 a5 32. Reb1 Reb8 33. f3 gxf3 34. Bxf3 Rg8 35. Bf2 Qf6 36. Bxh5 a4 37. Bf3 a3 38. Qe2 Rg7 39. Bg4 Rag8 40. Bf5+ Kh6 41. Be3+ 1-0

[Event "Asia-ch Blitz U20 Girls"]
[Site "Jamshedpur"]
[Date "2023.09.15"]
[Round "7"]
[White "Modipalli, Deekshitha"]
[Black "Khairmode, Dhanashree"]
[Result "0-1"]
[WhiteElo "1094"]
[BlackElo "1586"]
[PlyCount "92"]
[EventDate "2023.09.15"]
[EventType "swiss (blitz)"]
[EventRounds "9"]
[EventCountry "IND"]
[SourceTitle "CBM 216 Extra"]
[Source "ChessBase"]
[SourceDate "2023.11.30"]
[SourceVersion "1"]
[SourceVersionDate "2023.11.30"]
[SourceQuality "1"]

1. d4 d5 2. c4 e6 3. Nc3 dxc4 4. e3 c5 5. Nf3 Nc6 6. d5 exd5 7. Nxd5 Nf6 8. Nxf6+ Qxf6 9. Bxc4 Be7 10. 0-0 0-0 11. Qe2 Bg4 12. h3 Bh5 13. Bd5 Rad8 14. Bxc6 Qxc6 15. e4 Bf6 16. Rb1 Rfe8 17. Re1 Rd4 18. g4 Rdxe4 19. Qf1 Rxe1 20. Nxe1 Bg6 21. Ra1 Qe4 22. Be3 h5 23. g5 Bd4 24. Ng2 Bf5 25. Kh2 Qf3 26. Nh4 Qd5 27. Nxf5 Qxf5 28. Qg2 Bxe3 29. fxe3 Rxe3 30. Rf1 Qe5+ 31. Kh1 Re2 32. Rf2 Re1+ 33. Rf1 Rxf1+ 34. Qxf1 Qe4+ 35. Qg2 Qxg2+ 36. Kxg2 Kf8 37. Kf3 Ke7 38. Ke4 Ke6 39. h4 g6 40. b3 f6 41. gxf6 Kxf6 42. Kf4 b5 43. a3 c4 44. bxc4 bxc4 45. Ke3 Ke5 46. a4 a5 0-1

[Event "Asia-ch Blitz U20 Girls"]
[Site "Jamshedpur"]
[Date "2023.09.15"]
[Round "9"]
[White "Modipalli, Deekshitha"]
[Black "Wadifa, Ahmed"]
[Result "1-0"]
[WhiteElo "1094"]
[BlackElo "1660"]
[PlyCount "89"]
[EventDate "2023.09.15"]
[EventType "swiss (blitz)"]
[EventRounds "9"]
[EventCountry "IND"]
[SourceTitle "CBM 216 Extra"]
[Source "ChessBase"]
[SourceDate "2023.11.30"]
[SourceVersion "1"]
[SourceVersionDate "2023.11.30"]
[SourceQuality "1"]

1. d4 d5 2. c4 c6 3. Nc3 Nf6 4. Nf3 Bf5 5. e3 e6 6. Bd3 Bxd3 7. Qxd3 dxc4 8. Qxc4 Nbd7 9. 0-0 Bd6 10. e4 e5 11. dxe5 Nxe5 12. Nxe5 Bxe5 13. Rd1 Qe7 14. f4 Bxc3 15. Qxc3 0-0 16. e5 Nd5 17. Qg3 f6 18. exf6 Qxf6 19. Qb3 Kh8 20. g3 Qe7 21. Bd2 Rae8 22. Rac1 h5 23. Re1 Qf7 24. Bc3 Nxc3 25. Qxc3 h4 26. Rxe8 Rxe8 27. a3 Re2 28. Qd3 Qe7 29. b4 h3 30. Rf1 Rg2+ 31. Kh1 Qf6 32. Qd7 Qg6 33. Qc8+ Kh7 34. Qxh3+ Kg8 35. Qxg2 Qd6 36. Qe2 Qd5+ 37. Kg1 Qd4+ 38. Qf2 Qc3 39. Qf3 Qd4+ 40. Kg2 Qd2+ 41. Rf2 Qc1 42. Qb3+ Kh8 43. Re2 Kh7 44. Qc2+ Qxc2 45. Rxc2 1-0

[Event "Asia-ch Rapid U20 Girls"]
[Site "Jamshedpur"]
[Date "2023.09.08"]
[Round "8"]
[White "Sasvatha, A."]
[Black "Modipalli, Deekshitha"]
[Result "0-1"]
[WhiteElo "1559"]
[BlackElo "1105"]
[PlyCount "118"]
[EventDate "2023.09.08"]
[EventType "swiss (rapid)"]
[EventRounds "9"]
[EventCountry "IND"]
[SourceTitle "CBM 216 Extra"]
[Source "ChessBase"]
[SourceDate "2023.11.30"]
[SourceVersion "1"]
[SourceVersionDate "2023.11.30"]
[SourceQuality "1"]

1. d4 Nf6 2. Nf3 e6 3. Bf4 d5 4. e3 c5 5. c3 Nc6 6. Be2 Qb6 7. Qb3 c4 8. Qc2 Ne4 9. Nbd2 f5 10. b3 cxb3 11. axb3 Be7 12. 0-0 0-0 13. h3 Bd7 14. c4 Rac8 15. Qb2 Qd8 16. Nxe4 fxe4 17. Ne5 a6 18. Nxd7 Qxd7 19. cxd5 Qxd5 20. Bc4 Qd7 21. Qb1 b5 22. Be2 Qd5 23. Rxa6 Nxd4 24. Bg4 h5 25. Bd1 Rc3 26. b4 Nc6 27. Be2 Rb3 28. Qc1 Nxb4 29. Rb6 Nd3 30. Qc7 Bd8 31. Qc6 Bxb6 32. Qxb6 Nxf4 33. exf4 Rb2 34. Qe3 Qd2 35. Qxd2 Rxd2 36. Bxb5 Rxf4 37. Bc4 Kf7 38. Bb3 Rb2 39. Bd1 Kg6 40. g3 Rf6 41. Ba4 Ra2 42. Be8+ Kh6 43. Bc6 e3 44. fxe3 Rxf1+ 45. Kxf1 Kg5 46. Be8 Rh2 47. Kg1 Rxh3 48. Kg2 Kg4 49. Bd7 Rxg3+ 50. Kf2 Rf3+ 51. Ke2 Kg3 52. Bxe6 h4 53. Bd5 Rf2+ 54. Kd3 h3 55. e4 Rf3+ 56. Ke2 h2 57. e5 h1Q 58. Bxf3 Qxf3+ 59. Kd2 Qe4 0-1